000 00384nam a22001697a 4500
003 UA-OsUOA
001 2662
007 ta
008 20050721b un ||||| |||| 00| 0 ukr d
100 _aRitchie
700 _aDavid
942 _cBK
040 _aUA-OsUOA
_cUA-OsUOA
_dUA-OsUOA
245 _aThe binary brain. Artificial intelligence in the a
_bScience
955 _a2
650 7 _2UDC
999 _c288824
_d288824